logo

Bir Sreshtho Munshi Abdur Rouf Library
Jhenaidah Cadet College

Sketchy, doubtful, incomplete jottings / (Record no. 14418)

MARC details
000 -LEADER
fixed length control field 00722nam a22002417a 4500
001 - CONTROL NUMBER
JCCL Control Number 14418
003 - CONTROL NUMBER IDENTIFIER
JCCL marc code BD-JhCC
005 - DATE AND TIME OF LATEST TRANSACTION
control field 20251029105442.0
008 - FIXED-LENGTH DATA ELEMENTS--GENERAL INFORMATION
fixed length control field 251029b |||||||| |||| 00| 0 eng d
020 ## - INTERNATIONAL STANDARD BOOK NUMBER
International Standard Book Number 9780141397139
035 ## - SYSTEM CONTROL NUMBER
system control number (BD-JhCC) 14418
040 ## - CATALOGING SOURCE
Original cataloging agency BD-JhCC
Modifying agency BD-JhCC
041 ## - LANGUAGE CODE
Language code of Book eng
082 ## - DEWEY DECIMAL CLASSIFICATION NUMBER
DDC Edition number 23
Classification number 808.882
Author mark and Year GOE
100 ## - MAIN ENTRY--PERSONAL NAME
Personal name Goethe, Johann Wolfgang von
245 ## - TITLE STATEMENT
Title Sketchy, doubtful, incomplete jottings /
Statement of responsibility, etc Johann Wolfgang von Goethe
260 ## - PUBLICATION, DISTRIBUTION, ETC. (IMPRINT)
Place of publication, distribution, etc London:
Name of publisher, distributor, etc Penguin Classics,
Date of publication, distribution, etc 2015
300 ## - PHYSICAL DESCRIPTION
Pagination 56p.;
Dimensions 16 cm.
490 ## - SERIES STATEMENT
Series statement Penguin little black classics,
Volume number/sequential designation No. 36
650 ## - SUBJECT ADDED ENTRY--TOPICAL TERM
Topical term or geographic name as entry element Goethe, Johann Wolfgang von, 1749-1832
650 ## - SUBJECT ADDED ENTRY--TOPICAL TERM
Topical term or geographic name as entry element Quotations Translations into English
942 ## - ADDED ENTRY ELEMENTS (KOHA)
Source of classification or shelving scheme Dewey Decimal Classification
Koha item type Books
Holdings
Source of classification or shelving scheme Damaged status Not for loan Collection code Home library Current library Shelving location Date of accession Total Checkouts Full call number Barcode Date last seen Copy number Method of acquisition Koha item type Currency
Dewey Decimal Classification     Non-fiction JCC Rouf Library JCC Rouf Library General Stacks     808.882 GOE 20139 10/29/2025 C-1 Purchase Books BDT

JCC Library | Contacts | JCC Home

Last Update on 23 September 2017
Copyright @ 2017-2020 JCC Rouf Library
Rouf Library, Jhenidah Cadet College (JCC), Bangladesh